000 00662nam a2200217Ia 4500
001 9621
003 GE_BSU
008 181216s||||||||xx |||||||||||||| ||und||
040 _cGE_BSU
080 _a821.353.1-1
100 _aმღვიმელი,შიო
245 _aრჩეული ორ ტომად
245 _bტ.2:ლექსები
245 _cრედ:გ.კაჭახიძე;მხატვ:ელგუჯა ამაშუკელი
260 _aთბილისი.
260 _bნაკადული.
260 _c1964.
300 _a224გვ;17სმ.
653 _aლექსები
942 _cBK
999 _c42905
_d42905